Mi música: ciclo superior de E.G.B
Gardado en:
| Autor Principal: | |
|---|---|
| Formato: | Libro |
| Idioma: | Lingua castelá |
| Publicado: |
Valencia
Piles, Editorial de Música
1989
|
| Subjects: | |
| Tags: |
Engadir etiqueta
Sen Etiquetas, Sexa o primeiro en etiquetar este rexistro!
|
MARC
| LEADER | 00000nam a2200000 a 4500 | ||
|---|---|---|---|
| 001 | UCY3455 | ||
| 003 | CL-VaPUC | ||
| 008 | 950102e19890000SP |||||||||||||||||spa|d | ||
| 082 | 0 | 4 | |a 372.87 |b BAR |2 21 |
| 100 | 0 | |a Barceló Amorós, José Luis |e author |9 331718 | |
| 245 | 1 | 0 | |a Mi música: ciclo superior de E.G.B |
| 942 | |c BK | ||
| 945 | |d 19950102 00:00:00 |a mfernand | ||
| 260 | |a Valencia |b Piles, Editorial de Música |c 1989 | ||
| 500 | |a v.1: Nivel 4 sexto curso | ||
| 500 | |a v.2: Nivel 5 séptimo curso | ||
| 500 | |a v.3: Nivel 6 octavo curso | ||
| 650 | 0 | |a Música estudio e instrucción |9 306355 | |
| 583 | |a last modification |c 19950102 00:00:00 |k Rodrigo Vera | ||
| 999 | |c 231576 |d 231574 | ||
| 952 | |0 0 |1 0 |4 0 |6 372_870000000000000_BAR_1989 |7 0 |8 A |9 234976 |a BIBEDU |b BIBEDU |d 2019-11-15 |h v.1 |i 3046141 |o 372.87 BAR 1989 |p 3046141 |r 2023-01-12 |w 2019-11-15 |y BK |k MUS | ||
| 952 | |0 0 |1 0 |4 0 |6 372_870000000000000_BAR_1989 |7 0 |8 A |9 234977 |a BIBEDU |b BIBEDU |d 2019-11-15 |h v.2 |i 304615K |o 372.87 BAR 1989 |p 304615K |r 2023-01-12 |w 2019-11-15 |y BK |k MUS | ||
| 952 | |0 0 |1 0 |4 0 |6 372_870000000000000_BAR_1989 |7 0 |8 A |9 234978 |a BIBEDU |b BIBEDU |d 2019-11-15 |h v.3 |i 3046168 |o 372.87 BAR 1989 |p 3046168 |r 2023-01-12 |w 2019-11-15 |y BK |k MUS | ||